Catálogo

Auditoria social para la gerencia. (Registro nro. 28635)

Detalles MARC
000 -LEADER
fixed length control field 00572nam a2200205 a 4500
001 - CONTROL NUMBER
control field 28635
005 - DATE AND TIME OF LATEST TRANSACTION
control field 20180713231547.0
008 - FIXED-LENGTH DATA ELEMENTS--GENERAL INFORMATION
fixed length control field 140415s1981 mx 000 0 spa d
041 ## - LANGUAGE CODE
Language code of text/sound track or separate title spa
082 ## - DEWEY DECIMAL CLASSIFICATION NUMBER
Classification number 657.45
Item number MEN
100 1# - MAIN ENTRY--PERSONAL NAME
Personal name C. Abc, Clark
245 10 - TITLE STATEMENT
Title Auditoria social para la gerencia.
250 ## - EDITION STATEMENT
Edition statement Primera edición
260 ## - PUBLICATION, DISTRIBUTION, ETC.
Place of publication, distribution, etc. México :
Name of publisher, distributor, etc. Diana ;,
Date of publication, distribution, etc. 1981.
300 ## - PHYSICAL DESCRIPTION
Extent 270 páginas ;.
-- 24 cm.
336 ## - CONTENT TYPE
Content type term texto
Source rdacontent
337 ## - MEDIA TYPE
Media type term sin mediación
Source rdamedia
338 ## - CARRIER TYPE
Carrier type term volumen
Source rdcarrier
650 14 - SUBJECT ADDED ENTRY--TOPICAL TERM
Topical term or geographic name entry element Contabilidad y auditoria
Existencias
Withdrawn status Lost status Source of classification or shelving scheme Damaged status Not for loan Collection code Home library Current library Shelving location Date acquired Source of acquisition Total Checkouts Full call number Barcode Date last seen Price effective from Koha item type
    Dewey Decimal Classification     General Tehuacán Tehuacán Sala general 03/12/2013 Compra   657.45 MEN 1981 502322 08/01/2025 18/08/2015 Libro